000 00391nmm a2200145 a 4500
999 _c7834
_d7834
082 _a620.11JIN
100 1 _aJindal, U. C.
245 1 0 _aAdvanced Topics of Strength of Materials
260 _a[S.l.] :
_bGalgotia Publication
_c1997.
300 _ax,356p.
500 _aKindle eBook.
650 _aStrength of Materials
856 4 0 _uhttp://10.10.170.122:8080/browse/book/20077
942 _cBK